Doge Memes Quiz Stats

Quiz not verified by Sporcle

Challenge
Share
Tweet
Score 0/20 Timer 10:00
0 Plays Today
% Correct
The Walking Dead
93.5%
Fifty Shades of Grey
89.9%
The Lion King
89.6%
Captain America
89.6%
Shrek
89.1%
My Little Pony
86.6%
Thor
85.6%
The Hobbit
82.6%
Sharknado
82.6%
Game of Thrones
79.8%
% Correct
The Avengers
79.8%
Nicholas Cage
76.3%
Assassin's Creed
73.8%
Braveheart
72.5%
The Shining
68.7%
Catdog
65.9%
Muhammad Ali
56.9%
Bob Ross
55%
Led Zeppelin
49.3%
The Room
29.7%

You're not logged in!

Compare scores with friends on all Sporcle quizzes.
Sign Up with Email
OR
Log In

You Might Also Like...

Show Comments

Extras

Top Quizzes Today


Score Distribution

Your Account Isn't Verified!

In order to create a playlist on Sporcle, you need to verify the email address you used during registration. Go to your Sporcle Settings to finish the process.